000 00527nam a2200169 i 4500
001 45090
003 ES-MaACL
005 20230906161143.0
007 t|
008 030325s1952 sp ||||1| spa d
100 1 _aCodina Canals, José.
_939431
245 1 0 _a52 conferencias de actualidad dogmática apologéticas sobre el Credo /
_cpor José Codina Canals.
260 _aBarcelona :
_b[s.n.,
_c1952] (
_fImp. Rev. Ibérica)
300 _a2 t. ;
_c20 cm.
650 0 4 _aCredo.
_911413
852 _aES-MaACL
_jC-13584-5
_bR.41307
999 _c45090
_d45090